000 00455nam a2200193Ia 4500
008 240510s9999 xx 000 0 und d
020 _a0000078823935
041 _aEng
082 _a005.7575
082 _bA11
100 _aAbbey,M. : COREY, M.J.:
245 0 _aOracal 8 : A Beginner's Guide
260 _bMCGraw hill:New York
260 _c1997
300 _a767 p.
650 _aDatabase management : Oracle
942 _2ddc
942 _cRBK
999 _c27298
_d27298
945 _a1
_bMadushi Gamage
_c1
_dMadushi Gamage